LEADER 01106nam a2200277 i 4500 001 991000630389707536 005 20020509173131.0 008 011112s1988 it ||| | ita 020 $a8820716640 035 $ab11386836-39ule_inst 035 $aPARLA212156$9ExL 040 $aDip.to Scienze Storiche Fil. e Geogr.$bita 082 0 $a338.1094562 100 1 $aCortonesi, Alfio$0133516 245 10$aTerre e signori nel Lazio medioevale :$bun'economia rurale nei secoli 13.-14. /$cAlfio Cortonesi ; presentazione di Giovanni Cherubini 260 $aNapoli :$bLiguori,$c1988 300 $a282 p., [1] c. di tav. ;$c22 cm. 490 0 $aBiblioteca. Nuovo Medioevo 650 4$aEconomia agraria$zLazio$ySec. 13.-14. 650 4$aProprieta agraria$zLazio$ySec. 13.-14. 907 $a.b11386836$b01-03-17$c01-07-02 912 $a991000630389707536 945 $aLE009 STOR.31-41 BIS$g2$i2009000074460$lle009$o-$pE0.00$q-$rl$s- $t0$u0$v0$w0$x0$y.i1157141x$z01-07-02 996 $aTerre e signori nel Lazio medioevale$9132385 997 $aUNISALENTO 998 $ale009$b01-01-01$cm$da $e-$fita$git $h0$i1